Normal view MARC view
  • Freitas ,Nando de , Gordon ,Neil

Entry Corporate Name

Number of records used in: 1

001 - CONTROL NUMBER

  • control field: 123926

003 - CONTROL NUMBER IDENTIFIER

  • control field: NUST

005 - DATE AND TIME OF LATEST TRANSACTION

  • control field: 20240701142212.0

008 - FIXED-LENGTH DATA ELEMENTS

  • fixed length control field: 240701|| aca||aabn | a|a d

040 ## - CATALOGING SOURCE

  • Original cataloging agency: NUST
  • Transcribing agency: NUST

110 ## - HEADING--CORPORATE NAME

  • Corporate name or jurisdiction name as entry element: Freitas ,Nando de , Gordon ,Neil

670 ## - SOURCE DATA FOUND

  • Source citation: Work cat.: (NUST): Doucet , Arnaud 123925, Statistics for Engineering and Information Science:, 2001
© 2023 Central Library, National University of Sciences and Technology. All Rights Reserved.